Buyer's guide (Бичлэгийн дугаар. 145839)
| 000 -УДИРДЛАГА | |
|---|---|
| Удирдлага | 00539nam a22002057a 4500 |
| 003 - ХЯНАЛТЫН ТОО ТОДОРХОЙЛОГЧ | |
| Код | MN-UlNUM |
| 005 - БИЧИЛТ ХИЙСЭН ОГНОО | |
| Тухайн бичилтийг бичсэн засварласан сүүлийн огноо | 20251203145341.0 |
| 008 - ЕРӨНХИЙ МЭДЭЭЛЭЛ | |
| Ерөнхий мэдээлэл | 251203b1988 ilu||||| |||| 00| 0 eng | |
| 040 ## - БИЧЛЭГ ҮҮСГЭГЧ БАЙГУУЛЛАГА | |
| Бичлэг үүсгэгч номын сангийн код | МУИС-ийн номын сан |
| 084 ## - ББК АНГИЛАЛ | |
| Нэмэлт тусгалт | Бусад |
| ББК ангилал | 65.42 |
| Зохиогчийн гурван тэмдэгт | B 92 |
| Мэдлэгийн ялгаа | 65 - Эдийн засаг |
| 245 10 - ҮНДСЭН ГАРЧИГ | |
| Номын нэр | Buyer's guide |
| Бага гарчгийн мэдээ | Export products display center |
| 260 ## - ГАРАЛТЫН МЭДЭЭ | |
| Хэвлэгдсэн газар | Lisle, Ill. : |
| Хэвлэлийн газар | Sendai Publications |
| Хэвлэгдсэн он | 1988. |
| 300 ## - МАТЕРИАЛЫН ТОДОРХОЙЛОЛТ | |
| хуудасны тоо | volumes : |
| Бусад тоон мэдээлэл | illustrations ; |
| Хэмжээ | 28 cm |
| 500 ## - Тайлбар | |
| Дансны дугаар | БС 4515 |
| 546 ## - ХЭЛНИЙ ТУХАЙ МЭДЭЭ | |
| Хэл | Англи хэл дээр, |
| 653 ## - Түлхүүр үг | |
| Түлхүүр үг | video game |
| 653 ## - Түлхүүр үг | |
| Түлхүүр үг | periodicals |
| 942 ## - ЭЛЕМЕНТИЙН ТӨРӨЛ | |
| Зүйлийн төрөл | Ном |
